| 000 | 00770nam a2200229 4500 | ||
|---|---|---|---|
| 999 |
_c12980 _d12980 |
||
| 003 | MIRAKIL | ||
| 005 | 20190319115416.0 | ||
| 008 | 190319b tu ||||| |||| 00| 0 tur d | ||
| 020 | _a9812044485 | ||
| 040 |
_aTR-AnCHP _cTR-AnCHP |
||
| 041 | _aeng | ||
| 082 |
_a959. 5705092 _bJ67l 1994 |
||
| 100 | _aJosey, Alex | ||
| 245 | 1 | 0 |
_aLee Kuan Yew : _bthe crucial years / _cAlex Josey. |
| 260 |
_aSingapur: _bTimes Books International, _c1994. |
||
| 300 |
_a630 s.: _c22 sm. |
||
| 504 | _aDizin vardır. | ||
| 600 | 0 |
_95494 _aLee, Kuan Yew, _cSingapur Cumhuriyeti Başbakanı _d1923-2015 _xyaşamöyküsü |
|
| 650 | 0 |
_95279 _aBaşbakanlar _xSingapur Cumhuriyeti _xyaşamöyküsü |
|
| 651 | 0 |
_95495 _aSingapur Cumhuriyeti _xSiyaset ve yönetim _y1945- |
|
| 942 |
_2ddc _cBKS |
||